| 000 | 01581nam0a2200361 4500 | ||
|---|---|---|---|
| 001 | RU\NLR\BIBL_A\022680700 | ||
| 005 | 20260407070800.0 | ||
| 010 |
_a978-5-04-214675-6 _93000 |
||
| 035 | _a(NLR Aleph) 022680700 | ||
| 090 |
_a13547683 _c13547683 |
||
| 100 | _a20251205d2025 u y0rusy50 ca | ||
| 101 | 1 |
_arus _ceng |
|
| 102 | _aRU | ||
| 105 | _ay z 000yy | ||
| 181 | 0 |
_ai4 _baxxe |
|
| 182 | 0 | _an | |
| 200 | 1 |
_aЛидерство _eзолотые правила Дональда Трампа _fДональд Трамп, Мередит Макивер _gперевод с английского М. Курилюк _gпредисловие Роберта Кийосаки |
|
| 203 |
_aТекст _bвизуальный _cнепосредственный |
||
| 210 |
_aМосква _cЭксмо, Бомбора _d2025 |
||
| 215 |
_a251, [2] с. _d18 |
||
| 225 | 1 |
_aКниги, о которых говорят _iУспех |
|
| 320 | _aСписок литературы, рекомендованной Дональдом Дж. Трампом: с. 251-252 | ||
| 333 | _a16+ | ||
| 606 | 1 |
_aУспех _xСоциально-психологические исследования _92074287 _3RU\NLR\AUTH\661249276 |
|
| 606 | 1 |
_aЛидерство в управлении _91491952 _3RU\NLR\AUTH\66642230 |
|
| 686 | 1 | _aС550.354 | |
| 686 | 1 | _aС550.373 | |
| 700 | 1 |
_7ca _8rus _aТрамп _bД. _f1946- _gДональд _3RU\NLR\AUTH\770176051 _9176000 |
|
| 701 | 1 |
_aМакивер _bМ. _gМередит |
|
| 942 | _cBOOK | ||
| 980 | _aNB | ||